| 000 | 01065nam a22002895i 4500 | ||
|---|---|---|---|
| 001 | 173736 | ||
| 003 | ES-MaACL | ||
| 005 | 20250728033739.0 | ||
| 008 | 100114s2009 sp |||| | spa d | ||
| 020 | _a978-84-9899-101-7 | ||
| 080 | _a77.041.3-055.2 | ||
| 245 | 0 | 3 |
_aEl siglo de las mujeres / _cHenri Cartier-Bresson, Steve McCurry, Dorothea Lange, Margaret Bourke-White, Lee Miller ; [redacción, Vicente Ponce, Joan Soriano]. |
| 260 |
_a[Madrid] : _bPúblico, _c2009. |
||
| 300 |
_a[32] p. : _bprincipalmente fot. col. y n. ; _c27 cm. |
||
| 490 | 1 |
_aMaestros de la fotografía ; _v2 |
|
| 650 | 7 |
_aFotografía de mujeres _2embne _9141931 |
|
| 700 | 1 |
_aCartier-Bresson, Henri. _935901 |
|
| 700 | 1 |
_aMcCurry, Steve. _9141932 |
|
| 700 | 1 |
_aLange, Dorothea. _9138257 |
|
| 700 | 1 |
_aBourke-White, Margaret. _9141933 |
|
| 700 | 1 |
_aMiller, Lee. _9141934 |
|
| 700 | 1 |
_aPonce, Vicente. _9173428 |
|
| 700 | 1 |
_aSoriano, Joan. _9173429 |
|
| 830 | 1 |
_aMaestros de la fotografía ; _v2 _9189242 |
|
| 852 |
_aES-MaACL _j2284-F-2 |
||
| 999 |
_c173736 _d173736 |
||